000 00548nam a2200181Ia 4500
005 20260429112239.0
008 260429s9999||||xx |||||||||||||| ||und||
020 _a9788196706081
041 _aHindi
082 _a891.43
_bPRA
100 _aप्रसाद, जयशंकर
245 0 _aकामायनी /
_cजयशंकर प्रसाद
250 _a0
260 _aनई दिल्ली :
_bप्रकाशन संस्थान,
_c2023.
300 _a125 p.; Hb
650 _aHindi Literature
942 _cTB
999 _c53106
_d53106